000 01498cam a2200361 a 4500
001 1178897
003 OSt
005 20180117085947.0
008 970102s1997 dcu b 000 0 eng
010 _a 97001945
020 _a082133882X (alk. paper)
040 _aDLC
_cDLC
_dDLC
043 _acl-----
_acc-----
050 0 0 _aJS2061
_b.C36 1997
082 0 0 _a320.9729
_221
100 1 _aCampbell, Tim,
_d1943-
245 1 0 _aInnovations and risk taking :
_bthe engine of reform in local government in Latin America and the Caribbean /
_cTim Campbell.
260 _aWashington, D.C. :
_bWorld Bank,
_cc1997.
300 _aviii, 30 p. ;
_c28 cm.
490 1 _aWorld Bank discussion paper,
_x0259-210X ;
_vno. 357
504 _aIncludes bibliographical references (p. 28-30).
650 0 _aLocal government
_zLatin America.
650 0 _aLocal government
_zCaribbean Area.
650 0 _aPolitical participation
_zLatin America.
650 0 _aPolitical participation
_zCaribbean Area.
650 0 _aDecentralization in government
_zLatin America.
650 0 _aDecentralization in government
_zCaribbean Area.
830 0 _aWorld Bank discussion papers ;
_v357.
906 _a7
_bcbc
_corignew
_d1
_eocip
_f19
_gy-gencatlg
942 _2ddc
_cBK
999 _c2701
_d2701